| 000 | 00893nam a22002417a 4500 | ||
|---|---|---|---|
| 999 |
_c186929 _d186929 |
||
| 005 | 20220429151632.0 | ||
| 010 | _aENG-132092-96 | ||
| 020 |
_a9780190126827 _c1999.00 |
||
| 020 |
_a9780190126834 _c1999.00 |
||
| 020 |
_a9780190126841 _c1999.00 |
||
| 020 |
_a9780190127886 _c1999.00 |
||
| 020 |
_a9780190127893 _c1999.00 |
||
| 035 | _aEN-115624-28 | ||
| 037 | _bDBAD/PUB | ||
| 082 | _a954.03 | ||
| 245 |
_aB.R. Ambedkar: _bThe Quest For Justice Religious and cultural Justics/ _cEdited by Aakash Singh Rathore |
||
| 260 |
_aNew Delhi _bOxford University Press _c2021 |
||
| 270 |
_a22 Workspace, 2nd Floor, 1/22, Asaf Ali Road _bNew Delhi _e110002 |
||
| 300 |
_axxiii, 284p (V1), xxxvii, 315p (V2), xxxv, 278p (V3), xli, 259p., (V4), xxix, 288p. (V5) _bIndex _c23cm(hbk) |
||
| 500 | _aVolume 1 to 5 | ||
| 700 | _aRathore, Aakash Singh | ||
| 942 |
_2ddc _cEN _mAMB _h954.035 |
||